000 00397nam a2200145Ia 4500
005 20251222144758.0
008 251222s9999||||xx |||||||||||||| ||spa||
020 _a978-612-4072-67-3
082 _a338.985.71/C31
100 _aCarranza Elguera, Víctor Humberto
245 0 _aPerú:
250 _a1a.ed.
264 _bUniversidad Nacional de Ingeniería. Editorial Universitaria
942 _cLIB
999 _c19611
_d19611